| 000 | 00561nmm a2200145Ia 4500 | ||
|---|---|---|---|
| 008 | 251105s9999||||xx |||||||||||||||||und|| | ||
| 041 | _aspa | ||
| 100 | _aTárraga Mínguez, Raúl | ||
| 245 | 0 | _aEnseñanzas iniciales: Nivel I. Ambito de ciencia, tecnología y sociedad en el mundo actual: Unidad 2. Una visita al parque zoobotánico | |
| 264 |
_a[Madrid, España] : _bMinisterio de Educación, Cultura y Deporte de España, _c2015 |
||
| 300 | _a78 páginas | ||
| 650 | _aEducation | ||
| 856 | _uhttps://public.digitaliapublishing.com/a/60311 | ||
| 942 | _cCF | ||
| 999 |
_c105435 _d105435 |
||